[Event "IRL-ch 102nd"]
[Site "Dublin"]
[Date "2023.08.13"]
[Round "9"]
[White "O'Donnell, Conor"]
[Black "Crowley, James"]
[Result "0-1"]
[WhiteElo "2291"]
[BlackElo "1894"]
[PlyCount "182"]
[EventDate "2023.08.05"]
[EventType "swiss"]
[EventRounds "9"]
[EventCountry "IRL"]
[SourceTitle "CBM 215 Extra"]
[Source "ChessBase"]
[SourceDate "2023.09.30"]
[SourceVersion "1"]
[SourceVersionDate "2023.09.30"]
[SourceQuality "1"]

1. d4 Nf6 2. c4 b6 3. Nc3 Bb7 4. Qc2 d5 5. cxd5 Nxd5 6. e4 Nxc3 7. bxc3 e5 8. Nf3 exd4 9. Bb5+ c6 10. Bc4 b5 11. Bd3 dxc3 12. 0-0 Qa5 13. e5 Nd7 14. Bf5 Nc5 15. Re1 Ne6 16. Bxe6 fxe6 17. Ng5 0-0-0 18. Nf7 Bc5 19. Nxd8 Rxd8 20. Bg5 Rf8 21. Bh4 g6 22. Qd3 Qb6 23. Re2 Bd4 24. Qh3 c5 25. Be7 Rf7 26. Bd6 Bd5 27. Kh1 b4 28. Rd1 Kb7 29. Qh4 a5 30. f4 a4 31. f5 gxf5 32. Qg5 Rd7 33. Qf6 Qd8 34. Qh6 b3 35. Qh3 c2 36. Rf1 Qb6 37. Qd3 Qa6 38. Qd2 Qc4 39. Rfe1 Be4 40. Qh6 Ka6 41. Rxe4 fxe4 42. Qf8 Qd5 43. axb3 axb3 44. Qe8 Qc6 45. Qxe6 Bxe5 46. Qxb3 Rxd6 47. Qxc2 Kb6 48. Rb1+ Kc7 49. Qa2 Rd7 50. Qg8 Qb5 51. Rc1 Bf4 52. Ra1 Qa4 53. Rf1 Qb5 54. Ra1 Qa6 55. Rb1 Qb6 56. Rf1 Qb5 57. Ra1 Qa4 58. Rf1 Bd6 59. Rb1 Qa7 60. g3 e3 61. Kg2 e2 62. Kh3 Re7 63. Re1 Qa5 64. Rb1 Qa7 65. Re1 Qb7 66. Qa2 Qe4 67. Qa5+ Kd7 68. Qb5+ Kc7 69. Qa5+ Kd7 70. Qb5+ Qc6 71. Qc4 Re6 72. Rxe2 Rxe2 73. Qxe2 c4 74. Qc2 Kc8 75. Kg4 c3 76. h4 h5+ 77. Kxh5 Qd5+ 78. Kg4 Qd2 79. Qf5+ Kc7 80. Qa5+ Kc6 81. Qa6+ Kc5 82. Qc8+ Kb4 83. Qb7+ Ka3 84. Qa7+ Kb3 85. Qb6+ Bb4 86. Qe6+ Kb2 87. Qe5 Kc1 88. h5 Kd1 89. Kf3 c2 90. Qa1+ c1Q 91. Qa4+ Ke1 0-1

[Event "IRL-ch 102nd"]
[Site "Dublin"]
[Date "2023.08.11"]
[Round "7"]
[White "Kennedy, John"]
[Black "Crowley, James"]
[Result "0-1"]
[WhiteElo "2076"]
[BlackElo "1894"]
[PlyCount "72"]
[EventDate "2023.08.05"]
[EventType "swiss"]
[EventRounds "9"]
[EventCountry "IRL"]
[SourceTitle "CBM 215 Extra"]
[Source "ChessBase"]
[SourceDate "2023.09.30"]
[SourceVersion "1"]
[SourceVersionDate "2023.09.30"]
[SourceQuality "1"]

1. Nf3 Nf6 2. g3 b5 3. Bg2 Bb7 4. 0-0 c5 5. d3 d6 6. e4 Nbd7 7. Re1 e5 8. Nc3 a6 9. Nd5 Nxd5 10. exd5 Be7 11. c4 bxc4 12. dxc4 0-0 13. g4 Bc8 14. Bd2 Rb8 15. b3 h6 16. Bf1 Nf6 17. h3 Nh7 18. Nh2 f5 19. f3 Bg5 20. Bc3 Bf4 21. Re2 Rb7 22. Be1 Rbf7 23. Bg2 h5 24. Qd3 hxg4 25. fxg4 Bxh2+ 26. Kxh2 fxg4 27. h4 Bf5 28. Be4 Bxe4 29. Qxe4 Rf4 30. Qc2 Qf6 31. Bg3 Rf3 32. Rg1 Qh6 33. Rf2 Ng5 34. Rgg2 Rxf2 35. Rxf2 Nf3+ 36. Kg2 Ne1+ 0-1

[Event "IRL-ch 102nd"]
[Site "Dublin"]
[Date "2023.08.06"]
[Round "2"]
[White "Putar, Lara"]
[Black "Crowley, James"]
[Result "1-0"]
[WhiteElo "1960"]
[BlackElo "1894"]
[PlyCount "75"]
[EventDate "2023.08.05"]
[EventType "swiss"]
[EventRounds "9"]
[EventCountry "IRL"]
[SourceTitle "CBM 215 Extra"]
[Source "ChessBase"]
[SourceDate "2023.09.30"]
[SourceVersion "1"]
[SourceVersionDate "2023.09.30"]
[SourceQuality "1"]

1. d4 Nf6 2. c4 b6 3. Nf3 Bb7 4. Nc3 d5 5. cxd5 Nxd5 6. Qc2 Nxc3 7. bxc3 Nd7 8. e4 g6 9. Bc4 e6 10. 0-0 Bg7 11. Bg5 Qc8 12. Rfe1 0-0 13. h4 c5 14. Qb3 Ba6 15. Rac1 Bxc4 16. Qxc4 Qb7 17. e5 b5 18. Qe2 c4 19. Rb1 Qc6 20. h5 Rfc8 21. hxg6 fxg6 22. Nd2 Nb6 23. Ne4 Nd5 24. Qg4 Qd7 25. Qh3 Re8 26. Bf6 Bf8 27. Ng5 h6 28. Ne4 Rab8 29. Re3 Nxe3 30. fxe3 Rb7 31. Rf1 Bg7 32. Qg4 Kh7 33. Bxg7 Kxg7 34. Rf6 g5 35. Qh5 Kg8 36. Rg6+ Kf8 37. Qxh6+ Ke7 38. Qxg5+ 1-0

[Event "BCF-chT 2122 (4NCL)"]
[Site "England"]
[Date "2022.03.27"]
[Round "6.98"]
[White "Crowley, James"]
[Black "Dunn, Maxim"]
[Result "1-0"]
[WhiteElo "1475"]
[BlackElo "1702"]
[PlyCount "87"]
[EventDate "2021.11.27"]
[EventType "team-swiss"]
[EventRounds "11"]
[EventCountry "ENG"]
[SourceTitle "EXT 2023"]
[Source "ChessBase"]
[SourceDate "2022.10.05"]
[SourceVersion "1"]
[SourceVersionDate "2022.10.05"]
[SourceQuality "1"]
[WhiteTeam "Gonzaga"]
[BlackTeam "The Sharks II"]
[WhiteTeamCountry "ENG"]
[BlackTeamCountry "ENG"]

1. e4 c5 2. Nf3 d6 3. d4 cxd4 4. Nxd4 Nf6 5. Nc3 a6 6. Be3 e5 7. Nb3 Be7 8. f3 Be6 9. Qd2 h5 10. Be2 Nbd7 11. 0-0 Rc8 12. Kh1 0-0 13. f4 exf4 14. Bxf4 Ne5 15. Rad1 Qc7 16. Nd4 Nc4 17. Nxe6 fxe6 18. Bxc4 Qxc4 19. Qd3 Rfd8 20. Bg5 b5 21. Qh3 Rf8 22. Rf3 b4 23. b3 Qc5 24. Qxe6+ Kh7 25. Bxf6 Bxf6 26. Rd5 Rce8 27. Qh3 Qc8 28. Rxh5+ Kg8 29. Rh8+ Kf7 30. Qh5+ Ke7 31. Nd5+ Kd8 32. Rxf8 Rxf8 33. Nxf6 Qxc2 34. Qa5+ Ke7 35. Nd5+ Ke6 36. h4 Rxf3 37. gxf3 Qd1+ 38. Kg2 Qe2+ 39. Kg3 Qe1+ 40. Kg4 Qg1+ 41. Kh5 g6+ 42. Kh6 Qc1+ 43. Kh7 g5 44. Qd8 1-0